Efektívnosť fiškálnej politiky: štandardné nástroje – model a realita

Fiškálne regulovanie ekonomiky. Hlavné zdroje príjmov štátneho rozpočtu. Mechanizmus zabudovaných stabilizátorov a diskrétne (zámerné) programy – nástroje fiškálnej politiky. Názory monetarizmu a ekonómie ponuky na daňovú politiku.

Salvato in:
Dettagli Bibliografici
Autore principale: Lisý, Ján
Natura: Capitolo di libro
Lingua:slovacco
Soggetti:
Tags: Aggiungi Tag
Nessun Tag, puoi essere il primo ad aggiungerne!!

MARC

LEADER 00000nla a2200000 4500
001 0240562
005 20240712105147.6
041 0 |a slo 
044 |a SK 
245 1 0 |a Efektívnosť fiškálnej politiky: štandardné nástroje – model a realita  |c Ján Lisý 
520 |a Fiškálne regulovanie ekonomiky. Hlavné zdroje príjmov štátneho rozpočtu. Mechanizmus zabudovaných stabilizátorov a diskrétne (zámerné) programy – nástroje fiškálnej politiky. Názory monetarizmu a ekonómie ponuky na daňovú politiku. 
610 2 0 |a politika fiškálna 
610 2 0 |a rozpočty verejné 
610 2 0 |a politika daňová 
610 2 0 |a dane z príjmov 
610 2 0 |a ponuka 
610 2 0 |a politika hospodárska 
610 2 0 |a monetarizmus 
100 1 |a Lisý, Ján